[Event "Hong Kong-ch prel"]
[Site "Hong Kong"]
[Date "2019.02.11"]
[Round "5"]
[White "Chan, Chak Man"]
[Black "Wong, Ho Cheung"]
[Result "1-0"]
[WhiteElo "1842"]
[BlackElo "2032"]
[PlyCount "59"]
[EventDate "2019.01.07"]
[EventType "swiss"]
[EventRounds "9"]
[EventCountry "HKG"]
[SourceTitle "EXT 2020"]
[Source "ChessBase"]
[SourceDate "2019.10.17"]
[SourceVersion "1"]
[SourceVersionDate "2019.10.17"]
[SourceQuality "1"]

1. g3 e5 2. Bg2 d5 3. c4 c6 4. cxd5 cxd5 5. d4 e4 6. Nc3 Nf6 7. Bg5 Bb4 8. Nh3 Nc6 9. 0-0 Be6 10. Nf4 Bxc3 11. bxc3 Rc8 12. c4 Qd7 13. Bxf6 gxf6 14. cxd5 Bxd5 15. Nh5 Ke7 16. Qa4 Rhd8 17. f3 exf3 18. exf3 Be6 19. Rad1 Qd5 20. Qa3+ Rd6 21. f4 Qxh5 22. d5 Rcd8 23. dxc6 bxc6 24. Bxc6 a6 25. f5 Bxf5 26. Bf3 Qg6 27. Rxd6 Rxd6 28. Rd1 Bd3 29. Be2 Qg5 30. Rxd3 1-0

[Event "Hong Kong Jolimark op"]
[Site "Hong Kong"]
[Date "2018.12.25"]
[Round "6"]
[White "Vogelsanger, Nicolas"]
[Black "Chan, Chak Man"]
[Result "0-1"]
[WhiteElo "1240"]
[BlackElo "1868"]
[PlyCount "142"]
[EventDate "2018.12.22"]
[EventType "swiss"]
[EventRounds "9"]
[EventCountry "HKG"]
[SourceTitle "CBM 188 Extra"]
[Source "ChessBase"]
[SourceDate "2019.02.26"]
[SourceVersion "1"]
[SourceVersionDate "2019.02.26"]
[SourceQuality "1"]

1. e4 Nf6 2. e5 Nd5 3. d4 d6 4. c4 Nb6 5. exd6 cxd6 6. Nc3 g6 7. Be3 Bg7 8. Rc1 0-0 9. b3 Nc6 10. d5 Ne5 11. Be2 h5 12. Nf3 Nbd7 13. Nxe5 Nxe5 14. 0-0 Qa5 15. Bd4 Bf5 16. f4 Ng4 17. Bxg7 Kxg7 18. Qd4+ Kg8 19. h3 Nf6 20. Bd3 Qb6 21. Qxb6 axb6 22. Bxf5 gxf5 23. Rce1 Rfe8 24. Rf3 Ne4 25. a4 Nxc3 26. Rxc3 Kg7 27. Rg3+ Kf6 28. Rge3 Rac8 29. Kf2 Rc7 30. R1e2 e5 31. Ke1 h4 32. Kd2 e4 33. Kc3 Rg8 34. Kb4 Rc5 35. Ra2 Ra5 36. Rc2 Rc5 37. Ra2 Ke7 38. Rc2 Kd7 39. Ra2 Ra5 40. Rc2 Rg7 41. Rf2 Ra8 42. Kb5 Kc7 43. Ra2 Rag8 44. Ree2 Rg3 45. b4 Rb3 46. a5 bxa5 47. Rxa5 Rgg3 48. Ra8 Rb1 49. Rc2 Rgb3 50. Ra4 R1b2 51. Rxb2 Rxb2 52. c5 dxc5 53. Kxc5 Rc2+ 54. Kd4 Kd6 55. Ra7 Rd2+ 56. Ke3 Rxg2 57. Rxb7 Kxd5 58. Rxf7 Rg3+ 59. Kf2 Rf3+ 60. Ke2 Rxf4 61. b5 Rf3 62. b6 Ke6 63. b7 Rb3 64. Rh7 Ke5 65. Rxh4 Rb2+ 66. Ke1 Rxb7 67. Rh8 f4 68. Rh5+ Kd4 69. Rf5 Ke3 70. Kf1 f3 71. Kg1 Rb1+ 0-1

[Event "Hong Kong Jolimark op"]
[Site "Hong Kong"]
[Date "2018.12.22"]
[Round "1"]
[White "Chan, Chak Man"]
[Black "Chen, Junxue"]
[Result "1-0"]
[WhiteElo "1868"]
[BlackElo "1162"]
[PlyCount "93"]
[EventDate "2018.12.22"]
[EventType "swiss"]
[EventRounds "9"]
[EventCountry "HKG"]
[SourceTitle "CBM 188 Extra"]
[Source "ChessBase"]
[SourceDate "2019.02.26"]
[SourceVersion "1"]
[SourceVersionDate "2019.02.26"]
[SourceQuality "1"]

1. g3 e5 2. Bg2 d5 3. c4 c6 4. cxd5 cxd5 5. d4 Nc6 6. dxe5 Be6 7. Nf3 Nge7 8. 0-0 Ng6 9. Nc3 Bc5 10. a3 0-0 11. b4 Bb6 12. Bb2 a6 13. Na4 Ba7 14. Rc1 Rc8 15. Nc5 Bf5 16. Nxb7 Qd7 17. Nd6 Rb8 18. Nxf5 Nxb4 19. Nxg7 Qg4 20. axb4 Rxb4 21. Ba3 Kxg7 22. Qxd5 Rb5 23. Bxf8+ Nxf8 24. Qd6 Qe6 25. Rfd1 Rb6 26. Qxe6 Rxe6 27. Rd6 Bb8 28. Rxe6 fxe6 29. Rc8 Nd7 30. Rd8 Nxe5 31. Rxb8 Nxf3+ 32. Bxf3 a5 33. Ra8 h6 34. Rxa5 Kf6 35. Bg4 e5 36. f4 exf4 37. gxf4 Kg7 38. Ra6 Kh7 39. Bh5 Kg7 40. e4 Kh7 41. Rg6 Kh8 42. f5 Kh7 43. f6 Kh8 44. f7 Kh7 45. e5 Kh8 46. f8Q+ Kh7 47. Qg7# 1-0

[Event "World Amateur-ch U2000"]
[Site "Cagliari"]
[Date "2018.04.29"]
[Round "9"]
[White "Sanna, Yuri"]
[Black "Chan, Chak Man"]
[Result "0-1"]
[WhiteElo "1964"]
[BlackElo "1856"]
[PlyCount "108"]
[EventDate "2018.04.22"]
[EventType "swiss"]
[EventRounds "9"]
[EventCountry "ITA"]
[SourceTitle "CBM 184 Extra"]
[Source "ChessBase"]
[SourceDate "2018.06.28"]
[SourceVersion "1"]
[SourceVersionDate "2018.06.28"]
[SourceQuality "1"]

1. e4 Nf6 2. e5 Nd5 3. d4 d6 4. c4 Nb6 5. exd6 cxd6 6. Nc3 g6 7. Be3 Bg7 8. Rc1 0-0 9. b3 Nc6 10. d5 Ne5 11. Be2 h5 12. Nf3 Nxf3+ 13. Bxf3 Nd7 14. 0-0 Ne5 15. Be2 Bg4 16. f3 Bc8 17. f4 Ng4 18. Bd4 b6 19. Bxg7 Kxg7 20. Qd4+ Kg8 21. Bxg4 Bxg4 22. Rce1 Qd7 23. Re3 Rab8 24. Rfe1 Rfe8 25. Qd2 a6 26. h3 Bf5 27. a4 Rb7 28. Qe2 Qc8 29. Kh2 Kg7 30. Qf2 Qc5 31. Qd2 Qb4 32. Qb2 Kg8 33. Rg1 Qc5 34. Qe2 Qd4 35. Qf3 Kg7 36. Rd1 Qf6 37. Rde1 Qh4 38. Kg1 Rbb8 39. Rf1 Rb7 40. Qd1 Kg8 41. Ne2 b5 42. axb5 axb5 43. Nd4 bxc4 44. Nxf5 gxf5 45. bxc4 Kh7 46. c5 dxc5 47. Qc2 Qf6 48. Re5 e6 49. Qxc5 Rg8 50. Rf2 Qh4 51. Rf3 Rb2 52. Rf2 Rb1+ 53. Rf1 Rxf1+ 54. Kxf1 Qxf4+ 0-1

[Event "World Amateur-ch U2000"]
[Site "Cagliari"]
[Date "2018.04.27"]
[Round "7"]
[White "Silva, Jorge"]
[Black "Chan, Chak Man"]
[Result "1-0"]
[WhiteElo "1997"]
[BlackElo "1856"]
[PlyCount "134"]
[EventDate "2018.04.22"]
[EventType "swiss"]
[EventRounds "9"]
[EventCountry "ITA"]
[SourceTitle "CBM 184 Extra"]
[Source "ChessBase"]
[SourceDate "2018.06.28"]
[SourceVersion "1"]
[SourceVersionDate "2018.06.28"]
[SourceQuality "1"]

1. e4 Nf6 2. e5 Nd5 3. d4 d6 4. Nf3 g6 5. Bc4 Nb6 6. Bb3 Bg7 7. Qe2 0-0 8. h3 Nc6 9. 0-0 Na5 10. Nc3 d5 11. Re1 c6 12. Bg5 h6 13. Bf4 Nbc4 14. Rab1 b5 15. Kh2 e6 16. Nd1 c5 17. dxc5 Qc7 18. Bxc4 bxc4 19. b4 cxb3 20. cxb3 Qxc5 21. Rc1 Qa3 22. Ne3 Qb4 23. Bg3 h5 24. Rc7 Qb6 25. Rec1 Ba6 26. Qd2 Rac8 27. Rxc8 Rxc8 28. Rxc8+ Bxc8 29. Qc3 Bb7 30. Nd4 Nc6 31. Nxc6 Qxc6 32. Qd4 a5 33. Bh4 Qc7 34. f4 Bf8 35. Qd2 Qc6 36. Bf6 Bb4 37. Qd3 Ba6 38. Qd4 Qc3 39. Qa7 Qc8 40. Be7 Bc3 41. Bc5 Qb7 42. Qxb7 Bxb7 43. Nc2 f6 44. Bd4 Bd2 45. Kg3 g5 46. fxg5 fxe5 47. Bxe5 Bxg5 48. Bc7 Bd2 49. Nd4 Kf7 50. Kh4 Kf6 51. Kxh5 e5 52. Bd8+ Kf7 53. Nf3 Bc3 54. Ng5+ Ke8 55. Bf6 Kd7 56. Kg6 Ba6 57. h4 Bd3+ 58. Kf7 Kd6 59. h5 Bd2 60. Bxe5+ Kxe5 61. Nf3+ Kf4 62. Nxd2 Ke3 63. Nf3 Kf2 64. Ne5 Be4 65. g4 Kg3 66. Kf6 Kh4 67. Ng6+ Bxg6 1-0

[Event "World Amateur-ch U2000"]
[Site "Cagliari"]
[Date "2018.04.26"]
[Round "6"]
[White "Chan, Chak Man"]
[Black "Loi, Massimo"]
[Result "1-0"]
[WhiteElo "1856"]
[BlackElo "1734"]
[PlyCount "55"]
[EventDate "2018.04.22"]
[EventType "swiss"]
[EventRounds "9"]
[EventCountry "ITA"]
[SourceTitle "CBM 184 Extra"]
[Source "ChessBase"]
[SourceDate "2018.06.28"]
[SourceVersion "1"]
[SourceVersionDate "2018.06.28"]
[SourceQuality "1"]

1. g3 Nf6 2. Bg2 d5 3. c4 e6 4. Nf3 b6 5. cxd5 exd5 6. 0-0 Bb7 7. d4 Bd6 8. Nc3 a6 9. Nh4 h6 10. Nf5 Bf8 11. b3 Bc8 12. e4 Nxe4 13. Nxe4 Bxf5 14. Nc3 Be6 15. Qh5 c6 16. Re1 Be7 17. Rxe6 g6 18. Qe5 Rh7 19. Rxe7+ Qxe7 20. Ba3 Qxe5 21. dxe5 a5 22. Rc1 Ra7 23. Nxd5 Nd7 24. Rxc6 f5 25. exf6 Kf7 26. Be7 Rh8 27. Nf4 Ne5 28. Bd5+ 1-0

[Event "World Amateur-ch U2000"]
[Site "Cagliari"]
[Date "2018.04.25"]
[Round "5"]
[White "Petruccioli, Antonio"]
[Black "Chan, Chak Man"]
[Result "1-0"]
[WhiteElo "1974"]
[BlackElo "1856"]
[PlyCount "53"]
[EventDate "2018.04.22"]
[EventType "swiss"]
[EventRounds "9"]
[EventCountry "ITA"]
[SourceTitle "CBM 184 Extra"]
[Source "ChessBase"]
[SourceDate "2018.06.28"]
[SourceVersion "1"]
[SourceVersionDate "2018.06.28"]
[SourceQuality "1"]

1. Nf3 Nf6 2. g3 g6 3. b4 Bg7 4. Bb2 0-0 5. c4 d5 6. cxd5 Qxd5 7. Nc3 Qh5 8. h4 c6 9. a4 Rd8 10. Qc2 Bf5 11. Qb3 h6 12. Bg2 Na6 13. b5 Nc5 14. Qa3 Be6 15. d4 Nb3 16. Rd1 Na5 17. Qxe7 cxb5 18. axb5 Nd5 19. Nxd5 Bxd5 20. Qb4 Re8 21. Kf1 Rxe2 22. Kxe2 Bxf3+ 23. Bxf3 Re8+ 24. Kd2 Qxf3 25. Qxa5 Re2+ 26. Kc1 Qe4 27. Qc3 1-0

[Event "World Amateur-ch U2000"]
[Site "Cagliari"]
[Date "2018.04.24"]
[Round "4"]
[White "Chan, Chak Man"]
[Black "Corona, Danilo"]
[Result "1-0"]
[WhiteElo "1856"]
[BlackElo "1646"]
[PlyCount "135"]
[EventDate "2018.04.22"]
[EventType "swiss"]
[EventRounds "9"]
[EventCountry "ITA"]
[SourceTitle "CBM 184 Extra"]
[Source "ChessBase"]
[SourceDate "2018.06.28"]
[SourceVersion "1"]
[SourceVersionDate "2018.06.28"]
[SourceQuality "1"]

1. g3 d5 2. Bg2 e5 3. c4 d4 4. d3 Nc6 5. Nf3 Nf6 6. 0-0 Bd6 7. e3 dxe3 8. Bxe3 0-0 9. h3 a5 10. Nc3 Be7 11. d4 exd4 12. Nxd4 Nxd4 13. Bxd4 c6 14. b3 Re8 15. Na4 Bf5 16. Kh2 Bb4 17. a3 Bf8 18. Ra2 Nd7 19. Qa1 Qg5 20. Qc1 Qg6 21. Rd1 Rad8 22. Rad2 Nf6 23. Bb6 Rxd2 24. Rxd2 Ne4 25. Re2 Bd6 26. Bxe4 Rxe4 27. Rxe4 Bxe4 28. c5 Qf5 29. Qe3 Bf8 30. Bxa5 Bd3 31. Bd2 Bf1 32. g4 Qd5 33. f3 Qd8 34. b4 Qh4 35. f4 h5 36. Be1 Qd8 37. Nc3 hxg4 38. hxg4 Qf6 39. Kg1 Bc4 40. Kg2 Qg6 41. Kg3 Qc2 42. Bd2 Qh7 43. Qe4 Bd3 44. Qxh7+ Kxh7 45. Kf3 Be7 46. Ke3 Bc2 47. Ne4 Bd1 48. Nf2 Bc2 49. Bc3 Bh4 50. Ne4 Bd1 51. g5 Bg4 52. Nd6 Kg6 53. Nxb7 f6 54. gxf6 gxf6 55. Nd6 Bh3 56. a4 Bf1 57. b5 Bg3 58. Kf3 Bh2 59. bxc6 Bg1 60. c7 Ba6 61. Bb4 f5 62. c8Q Bxc8 63. Nxc8 Kf7 64. a5 Ke8 65. a6 Kd7 66. a7 Kc7 67. a8Q Kd7 68. Qb7+ 1-0

[Event "World Amateur-ch U2000"]
[Site "Cagliari"]
[Date "2018.04.23"]
[Round "2"]
[White "Chan, Chak Man"]
[Black "Garau, Francesca"]
[Result "1-0"]
[WhiteElo "1856"]
[BlackElo "1689"]
[PlyCount "151"]
[EventDate "2018.04.22"]
[EventType "swiss"]
[EventRounds "9"]
[EventCountry "ITA"]
[SourceTitle "CBM 184 Extra"]
[Source "ChessBase"]
[SourceDate "2018.06.28"]
[SourceVersion "1"]
[SourceVersionDate "2018.06.28"]
[SourceQuality "1"]

1. g3 Nf6 2. Bg2 g6 3. c4 Bg7 4. Nf3 0-0 5. 0-0 c5 6. Nc3 d6 7. b3 Nc6 8. Bb2 Bg4 9. h3 Bf5 10. d3 Qc8 11. Kh2 Nd7 12. e4 Be6 13. Ng5 Ndb8 14. Rb1 Nd4 15. Nd5 Nbc6 16. f4 Bxd5 17. cxd5 Nb4 18. Rf2 Qd7 19. a3 Na6 20. Nf3 Qb5 21. Nxd4 Bxd4 22. Bxd4 cxd4 23. b4 Rac8 24. a4 Qb6 25. b5 Nb8 26. h4 Rc3 27. h5 Rfc8 28. hxg6 hxg6 29. f5 Kg7 30. fxg6 f6 31. Qg4 Rh8+ 32. Kg1 Qd8 33. Qe6 Qe8 34. Rbf1 Nd7 35. g4 Nc5 36. Qf5 Qxg6 37. Rf3 Qxf5 38. gxf5 Rxd3 39. Rxd3 Nxd3 40. Rd1 Nf4 41. Kf2 Rc8 42. Bf1 d3 43. Ke3 Ne2 44. Rxd3 Ng3 45. Bg2 Rc4 46. Ra3 Kh6 47. Kd3 Rc5 48. Kd2 Nh5 49. Rh3 Kg5 50. Bf3 Nf4 51. Rg3+ Kh4 52. Rg4+ Kh3 53. Rg7 Kh4 54. Ke3 Nh3 55. Bg2 Ng5 56. Rxe7 Rc4 57. Rxb7 Rxa4 58. Rd7 Kg3 59. Rxd6 Kxg2 60. Rxf6 Rxe4+ 61. Kd3 Re5 62. Kc4 Re4+ 63. Kc5 Re8 64. Rg6 Kf3 65. Rxg5 Kf4 66. Rg7 Kxf5 67. Rxa7 Ke5 68. d6 Rc8+ 69. Rc7 Rd8 70. b6 Ke6 71. Re7+ Kf6 72. Kc6 Rc8+ 73. Rc7 Rd8 74. b7 Ke6 75. Re7+ Kf6 76. Kc7 1-0

[Event "Hong Kong-ch prel"]
[Site "Hong Kong"]
[Date "2018.03.19"]
[Round "10"]
[White "Dew, Brian"]
[Black "Chan, Chak Man"]
[Result "1-0"]
[WhiteElo "2128"]
[BlackElo "1824"]
[PlyCount "69"]
[EventDate "2018.01.08"]
[EventType "swiss"]
[EventRounds "11"]
[EventCountry "HKG"]
[SourceTitle "EXT 2019"]
[Source "ChessBase"]
[SourceDate "2018.10.10"]
[SourceVersion "1"]
[SourceVersionDate "2018.10.10"]
[SourceQuality "1"]

1. e4 Nf6 2. e5 Nd5 3. d4 d6 4. c4 Nb6 5. exd6 cxd6 6. Nc3 g6 7. Be3 Bg7 8. Rc1 0-0 9. b3 Nc6 10. d5 Ne5 11. Be2 Ned7 12. Nf3 Nf6 13. Nd4 a6 14. 0-0 Nbd7 15. h3 Nc5 16. Bf3 Bf5 17. g4 Bc8 18. Bg2 Qa5 19. Qe2 e5 20. dxe6 fxe6 21. Qd2 Ne8 22. Rfd1 Rb8 23. Bh6 Qb6 24. Bxg7 Nxg7 25. Qe3 Kh8 26. Rc2 Nd7 27. Nf3 Qxe3 28. fxe3 Ne5 29. Rf2 Nxf3+ 30. Rxf3 Rd8 31. Ne4 Ne8 32. Rf8+ Kg7 33. Rdf1 Bd7 34. R1f7+ Kh6 35. g5+ 1-0

[Event "Hong Kong-ch prel"]
[Site "Hong Kong"]
[Date "2018.03.12"]
[Round "9"]
[White "Chan, Chak Man"]
[Black "Wong, Ching Chi"]
[Result "1/2-1/2"]
[WhiteElo "1824"]
[BlackElo "1919"]
[PlyCount "92"]
[EventDate "2018.01.08"]
[EventType "swiss"]
[EventRounds "11"]
[EventCountry "HKG"]
[SourceTitle "EXT 2019"]
[Source "ChessBase"]
[SourceDate "2018.10.10"]
[SourceVersion "1"]
[SourceVersionDate "2018.10.10"]
[SourceQuality "1"]

1. g3 d5 2. Bg2 e5 3. c4 d4 4. d3 Bb4+ 5. Bd2 Bxd2+ 6. Nxd2 a5 7. Ngf3 Qe7 8. 0-0 Nd7 9. e3 dxe3 10. fxe3 Nh6 11. Qe2 Nc5 12. Nxe5 Qxe5 13. d4 Qe7 14. dxc5 Qxc5 15. Nb3 Qe5 16. Rad1 c6 17. Rf4 0-0 18. Nd4 Nf5 19. Re4 Qc7 20. Rf1 Ne7 21. g4 Ng6 22. g5 Bd7 23. h4 Rae8 24. Qf2 Rxe4 25. Bxe4 Qe5 26. Bxg6 hxg6 27. Qf4 Qxf4 28. Rxf4 Re8 29. Kf2 c5 30. Ne2 Bc6 31. Nc3 Rd8 32. Ke2 Kf8 33. Ne4 Bxe4 34. Rxe4 Rd6 35. Re5 b6 36. a4 f6 37. Rd5 Re6 38. Rd8+ Ke7 39. Rg8 Kf7 40. Rb8 Rd6 41. Rb7+ Kf8 42. Kf3 f5 43. Kf4 Re6 44. Rb8+ Kf7 45. Rb7+ Kf8 46. Rb8+ Kf7 1/2-1/2

[Event "Hong Kong-ch prel"]
[Site "Hong Kong"]
[Date "2018.03.05"]
[Round "8"]
[White "Pang, Yui Kuen"]
[Black "Chan, Chak Man"]
[Result "1-0"]
[WhiteElo "1960"]
[BlackElo "1824"]
[PlyCount "55"]
[EventDate "2018.01.08"]
[EventType "swiss"]
[EventRounds "11"]
[EventCountry "HKG"]
[SourceTitle "EXT 2019"]
[Source "ChessBase"]
[SourceDate "2018.10.10"]
[SourceVersion "1"]
[SourceVersionDate "2018.10.10"]
[SourceQuality "1"]

1. d4 c5 2. d5 d6 3. c4 Nf6 4. Nc3 g6 5. e4 Bg7 6. Nf3 0-0 7. Be2 e6 8. 0-0 exd5 9. cxd5 a6 10. a4 Re8 11. Qc2 b6 12. h3 Ra7 13. Bf4 Rae7 14. Nd2 Bb7 15. Bf3 b5 16. axb5 Rf8 17. Nc4 Ne8 18. Rfe1 Be5 19. Nxe5 dxe5 20. Bh6 Ng7 21. Na4 c4 22. Qxc4 axb5 23. Qxb5 Ba6 24. Qb3 Qd6 25. Rec1 Rb7 26. Qc3 Rb4 27. Nc5 Rc4 28. Rxa6 1-0

[Event "Hong Kong Jolimark op"]
[Site "Hong Kong"]
[Date "2017.12.24"]
[Round "4"]
[White "Chan, Chak Man"]
[Black "Kadam, Aaditya Vivek"]
[Result "1/2-1/2"]
[WhiteElo "1854"]
[BlackElo "1290"]
[PlyCount "123"]
[EventDate "2017.12.23"]
[EventType "swiss"]
[EventRounds "9"]
[EventCountry "HKG"]
[SourceTitle "CBM 182 Extra"]
[Source "ChessBase"]
[SourceDate "2018.02.23"]
[SourceVersion "1"]
[SourceVersionDate "2018.02.23"]
[SourceQuality "1"]

1. Nf3 Nf6 2. c4 g6 3. Nc3 Bg7 4. d4 0-0 5. e4 d6 6. Be2 e5 7. 0-0 Nc6 8. d5 Ne7 9. Ne1 Ne8 10. Nd3 f5 11. f3 f4 12. c5 g5 13. b4 a6 14. a4 h5 15. b5 axb5 16. Nxb5 Ng6 17. Ba3 Rf7 18. Nb2 Bf8 19. Rc1 Rg7 20. Qc2 g4 21. Kh1 Qh4 22. fxg4 hxg4 23. Bxg4 Bxg4 24. Qf2 Qxf2 25. Rxf2 dxc5 26. Bxc5 Bxc5 27. Rxc5 Bd7 28. Nxc7 Nxc7 29. Rxc7 Bxa4 30. Rc1 Rd7 31. Ra1 Rc7 32. g3 fxg3 33. Rg2 b5 34. Rxg3 Rg7 35. Nd3 Raa7 36. Ra2 Rae7 37. Nc5 Nf4 38. d6 Re8 39. d7 Rd8 40. Rd2 Kf8 41. Rxg7 Kxg7 42. Nb7 Ne6 43. Nxd8 Nxd8 44. Rd5 Kf6 45. Kg2 b4 46. Kf3 Ke6 47. h4 Bxd7 48. h5 b3 49. Rd2 Nf7 50. Ke3 Ba4 51. Kd3 Ng5 52. Rh2 Kf6 53. Kc3 Nxe4+ 54. Kb4 Be8 55. Kxb3 Ng5 56. Kc3 Kg7 57. h6+ Kh7 58. Kc4 Bg6 59. Kd5 e4 60. Rh1 Nf7 61. Re1 Nxh6 62. Rxe4 1/2-1/2

[Event "Hong Kong Jolimark op"]
[Site "Hong Kong"]
[Date "2017.12.23"]
[Round "2"]
[White "Chan, Chak Man"]
[Black "Zeng, Chongsheng"]
[Result "0-1"]
[WhiteElo "1854"]
[BlackElo "2547"]
[PlyCount "48"]
[EventDate "2017.12.23"]
[EventType "swiss"]
[EventRounds "9"]
[EventCountry "HKG"]
[SourceTitle "CBM 182 Extra"]
[Source "ChessBase"]
[SourceDate "2018.02.23"]
[SourceVersion "1"]
[SourceVersionDate "2018.02.23"]
[SourceQuality "1"]

1. g3 d5 2. Bg2 Nf6 3. c4 c6 4. cxd5 cxd5 5. d4 Nc6 6. Nc3 Bf5 7. Nf3 e6 8. 0-0 Bd6 9. Nh4 Bg4 10. a3 Rc8 11. Qd3 0-0 12. b4 e5 13. Nxd5 Nxd4 14. Nxf6+ Qxf6 15. f3 Bd7 16. Ra2 Qe6 17. Rb2 Bb5 18. Qe3 Bc7 19. Qf2 Bb6 20. Kh1 Nc2 21. e3 Bxf1 22. Bxf1 Nxa3 23. Bd2 Rfd8 24. g4 g6 0-1

[Event "Hong Kong-chT"]
[Site "Hong Kong"]
[Date "2016.04.18"]
[Round "4.2"]
[White "Chan, Chak Man"]
[Black "Lau, Joe Yiu Cho"]
[Result "1-0"]
[WhiteElo "1854"]
[BlackElo "1646"]
[PlyCount "93"]
[EventDate "2016.03.31"]
[EventType "team-swiss"]
[EventRounds "7"]
[EventCountry "HKG"]
[SourceTitle "EXT 2017"]
[Source "ChessBase"]
[SourceDate "2016.10.25"]
[SourceVersion "1"]
[SourceVersionDate "2016.10.25"]
[SourceQuality "1"]
[WhiteTeam "Hong Kong Chess Academy"]
[BlackTeam "Two Beats Six"]
[WhiteTeamCountry "HKG"]
[BlackTeamCountry "HKG"]

1. b3 e5 2. Bb2 Nc6 3. e3 d6 4. Nf3 Nf6 5. Be2 Be7 6. 0-0 h6 7. d4 e4 8. Nfd2 d5 9. c4 Be6 10. Nc3 Nb4 11. cxd5 Bxd5 12. a3 Na6 13. Qc2 c6 14. Ndxe4 Nc7 15. Bf3 0-0 16. Rfd1 Nh7 17. Nxd5 Nxd5 18. Ng3 Ng5 19. Bxd5 Qxd5 20. e4 Qd7 21. Nf5 Rfe8 22. d5 f6 23. dxc6 Qxc6 24. Qxc6 bxc6 25. Rd7 Bf8 26. f3 a5 27. Bc3 c5 28. Rb1 Reb8 29. Ne7+ Bxe7 30. Rxe7 a4 31. b4 Rb5 32. Rc7 cxb4 33. Rxb4 Rxb4 34. Bxb4 Ne6 35. Rd7 Nf4 36. g3 Ne2+ 37. Kf2 Nc1 38. Ke3 Na2 39. Bd6 Nc3 40. Kd3 Na2 41. Kc4 Rc8+ 42. Bc7 Ra8 43. Rd8+ Rxd8 44. Bxd8 Kf7 45. Ba5 Ke6 46. Bd2 Kd6 47. Kb5 1-0

[Event "Hong Kong-ch prel"]
[Site "Hong Kong"]
[Date "2016.03.21"]
[Round "11"]
[White "Chan, Chak Man"]
[Black "Lo, Billy"]
[Result "0-1"]
[WhiteElo "1841"]
[BlackElo "1889"]
[PlyCount "60"]
[EventDate "2016.01.04"]
[EventType "swiss"]
[EventRounds "11"]
[EventCountry "HKG"]
[SourceTitle "EXT 2017"]
[Source "ChessBase"]
[SourceDate "2016.10.25"]
[SourceVersion "1"]
[SourceVersionDate "2016.10.25"]
[SourceQuality "1"]

1. Nf3 d5 2. b3 Bf5 3. Bb2 e6 4. e3 Nf6 5. Be2 Bd6 6. 0-0 c5 7. c4 Nc6 8. d4 cxd4 9. cxd5 exd5 10. Nxd4 Nxd4 11. Qxd4 0-0 12. g4 Bxb1 13. Raxb1 Re8 14. f4 Re4 15. Qd2 Bc5 16. Bxf6 Qxf6 17. Qxd5 Rxe3 18. Qxc5 Rxe2 19. Rf2 Rxf2 20. Qxf2 Qg6 21. Re1 Qxg4+ 22. Kh1 h6 23. Rg1 Qd7 24. f5 Rd8 25. h3 Qc6+ 26. Kh2 Qc3 27. Qf4 Qd2+ 28. Qxd2 Rxd2+ 29. Rg2 Rxg2+ 30. Kxg2 g5 0-1

[Event "Hong Kong-ch prel"]
[Site "Hong Kong"]
[Date "2016.01.04"]
[Round "1"]
[White "Chan, Chak Man"]
[Black "Deng, Yu Dong Michael"]
[Result "1-0"]
[WhiteElo "1841"]
[BlackElo "1738"]
[PlyCount "93"]
[EventDate "2016.01.04"]
[EventType "swiss"]
[EventRounds "11"]
[EventCountry "HKG"]
[SourceTitle "EXT 2017"]
[Source "ChessBase"]
[SourceDate "2016.10.25"]
[SourceVersion "1"]
[SourceVersionDate "2016.10.25"]
[SourceQuality "1"]

1. e4 c5 2. Nf3 Nc6 3. d4 cxd4 4. Nxd4 g6 5. Nc3 Bg7 6. Be3 Nf6 7. Be2 0-0 8. 0-0 d6 9. Nb3 Bd7 10. f4 a6 11. Bf3 Rc8 12. Nd5 Nxd5 13. exd5 Na5 14. Nxa5 Qxa5 15. c3 b5 16. Qd2 Rb8 17. Bd4 Rfc8 18. Bxg7 Kxg7 19. Kh1 b4 20. Qd4+ Kg8 21. c4 Qc5 22. Qxc5 Rxc5 23. b3 a5 24. Rae1 Kf8 25. Be4 a4 26. f5 gxf5 27. Bxf5 Bxf5 28. Rxf5 axb3 29. axb3 Ra8 30. g4 Ra3 31. Ref1 Rxb3 32. Rxf7+ Ke8 33. Rxh7 Rxc4 34. Rh8+ Kd7 35. g5 Rbc3 36. g6 Rg4 37. Rg1 Rcc4 38. h3 Rxg1+ 39. Kxg1 b3 40. Rb8 Rc1+ 41. Kf2 Rc2+ 42. Kf3 Rc3+ 43. Kf4 Rc4+ 44. Kf5 b2 45. Rxb2 Rc3 46. Rb7+ Ke8 47. Rb8+ 1-0

[Event "Hong Kong-ch op"]
[Site "Hong Kong"]
[Date "2015.10.29"]
[Round "9"]
[White "Chong, Chor Yuen"]
[Black "Chan, Chak Man"]
[Result "0-1"]
[WhiteElo "1986"]
[BlackElo "1806"]
[PlyCount "72"]
[EventDate "2015.09.03"]
[EventType "swiss"]
[EventRounds "9"]
[EventCountry "HKG"]
[SourceTitle "EXT 2017"]
[Source "ChessBase"]
[SourceDate "2016.10.25"]
[SourceVersion "1"]
[SourceVersionDate "2016.10.25"]
[SourceQuality "1"]

1. e4 Nf6 2. e5 Nd5 3. d4 d6 4. Nf3 g6 5. Bc4 Nb6 6. Bb3 Bg7 7. Qe2 d5 8. 0-0 0-0 9. Be3 Nc6 10. h3 Na5 11. Nbd2 Bf5 12. Rac1 Nxb3 13. axb3 c6 14. c4 h6 15. c5 Nc8 16. b4 a6 17. Nh4 e6 18. Nxf5 exf5 19. Nb3 Na7 20. f4 Qe7 21. Rce1 Nb5 22. Rf3 Rae8 23. Bf2 Nc7 24. g4 fxg4 25. hxg4 f5 26. Rg3 Ne6 27. Be3 g5 28. gxf5 Rxf5 29. fxg5 hxg5 30. Qh5 Qf7 31. Qxf7+ Kxf7 32. Rf1 Kg6 33. Na5 Re7 34. Rf2 Ref7 35. Rxf5 Kxf5 36. Rf3+ Nf4 0-1

[Event "Hong Kong-ch op"]
[Site "Hong Kong"]
[Date "2015.10.15"]
[Round "7"]
[White "Chan, Chak Man"]
[Black "Chan, Lok Yee Lewis"]
[Result "0-1"]
[WhiteElo "1806"]
[BlackElo "1709"]
[PlyCount "54"]
[EventDate "2015.09.03"]
[EventType "swiss"]
[EventRounds "9"]
[EventCountry "HKG"]
[SourceTitle "EXT 2017"]
[Source "ChessBase"]
[SourceDate "2016.10.25"]
[SourceVersion "1"]
[SourceVersionDate "2016.10.25"]
[SourceQuality "1"]

1. Nf3 d5 2. b3 Nf6 3. Bb2 Bf5 4. e3 Nbd7 5. Be2 h6 6. 0-0 e6 7. c4 Bd6 8. cxd5 exd5 9. Nc3 c6 10. d4 0-0 11. h3 Re8 12. Bd3 Ne4 13. Rc1 Qf6 14. Bb1 Re6 15. Nxe4 Bxe4 16. Bxe4 Rxe4 17. Nd2 Re6 18. e4 dxe4 19. Nc4 Bc7 20. f4 Qh4 21. f5 Ree8 22. Qe2 Nf6 23. Ne5 Rad8 24. Kh2 Nh5 25. Qc4 Qg3+ 26. Kh1 Bxe5 27. dxe5 Rd2 0-1

[Event "Hong Kong-ch op"]
[Site "Hong Kong"]
[Date "2015.09.14"]
[Round "3"]
[White "Chan, Chak Man"]
[Black "Lam, Daniel King Wai"]
[Result "0-1"]
[WhiteElo "1806"]
[BlackElo "2138"]
[PlyCount "62"]
[EventDate "2015.09.03"]
[EventType "swiss"]
[EventRounds "9"]
[EventCountry "HKG"]
[SourceTitle "EXT 2017"]
[Source "ChessBase"]
[SourceDate "2016.10.25"]
[SourceVersion "1"]
[SourceVersionDate "2016.10.25"]
[SourceQuality "1"]

1. Nf3 d5 2. g3 c6 3. Bg2 Bg4 4. Ne5 Bf5 5. d4 Nd7 6. Nd3 Ngf6 7. 0-0 e6 8. b3 Bd6 9. Bb2 0-0 10. Nd2 Bxd3 11. cxd3 e5 12. Rc1 Re8 13. Rc2 a5 14. e4 exd4 15. Bxd4 dxe4 16. dxe4 Be5 17. Be3 Bc7 18. f3 Bb6 19. Bf2 Ne5 20. Nc4 Bxf2+ 21. Rcxf2 Nxc4 22. bxc4 Qb6 23. Qb3 Qxb3 24. axb3 Nd7 25. Rb1 Nc5 26. Bf1 Red8 27. b4 axb4 28. Rxb4 Ra1 29. Kg2 Rdd1 30. Rbb2 Kf8 31. Ra2 Rxf1 0-1